Derecho concursal (Registro nro. 4846)
[ vista simple ]
| 000 -LEADER | |
|---|---|
| fixed length control field | 02323 a2200301 4500 |
| 001 - CONTROL NUMBER | |
| control field | 49435 |
| 005 - DATE AND TIME OF LATEST TRANSACTION | |
| control field | 20260407155758.0 |
| 008 - FIXED-LENGTH DATA ELEMENTS--GENERAL INFORMATION | |
| fixed length control field | 260407a1991 arg spa d |
| 003 - CONTROL NUMBER IDENTIFIER | |
| control field | AR-UNSa-BCEJYS |
| 040 ## - CATALOGING SOURCE | |
| Original cataloging agency | AR-UNSa-BCEJYS |
| Language of cataloging | spa |
| Transcribing agency | AR-UNSa-BCEJYS |
| 080 ## - UNIVERSAL DECIMAL CLASSIFICATION NUMBER | |
| Universal Decimal Classification number | 347.736 |
| Common auxiliary subdivision | Quiebra. Insolvencia. Suspensión de pagos. Bancarrota, procedimientos. Derecho Concursal |
| 020 ## - INTERNATIONAL STANDARD BOOK NUMBER | |
| International Standard Book Number | 950-569-032-0 |
| 041 ## - LANGUAGE CODE | |
| Language code of text/sound track or separate title | spa |
| 100 1# - MAIN ENTRY--PERSONAL NAME | |
| Personal name | Pajardi, Piero |
| 245 10 - TITLE STATEMENT | |
| Title | Derecho concursal |
| 264 #1 - PRODUCTION, PUBLICATION, DISTRIBUTION, MANUFACTURE, AND COPYRIGHT NOTICE | |
| Place of production, publication, distribution, manufacture | Buenos Aires : |
| Name of producer, publisher, distributor, manufacturer | Abaco de Rodolfo Depalma |
| Date of production, publication, distribution, manufacture, or copyright notice | 1991 |
| 300 ## - PHYSICAL DESCRIPTION | |
| Extent | 2 v. (575 ; 480 p.) |
| Dimensions | 23 cm. |
| 505 ## - FORMATTED CONTENTS NOTE | |
| Formatted contents note | Vol. I: NATURALEZA, CRISIS, PRESUPUESTOS Y PROCESOS: 1. La quiebra en el marco de la protección jurisdiccional de los derechos subjetivos / Arnoldo Kleidermacher - 2. La naturaleza, las caracteristícas, las reglas generales de la quiebra / Arnoldo Kleidermacher - 3. Los presupuestos subjetivos de la quiebra / Arnoldo Kleidermacher - 4. Los presupuestos objetivos de la quibra / Héctor Alegria - 5. La declaración de quiebra / Marcelo Gebhardt - 6. Los órganos del proceso de quiebra /Diana Farhi de Montalbán - - Vol. II: EFECTOS UNIVERSALES Y ADMINISTRACIÓN DE LA QUIEBRA: ACTUALIZACIÓN DEL PRIMER TOMO: A). Los nuevos ordenamientos concursales en el Derecho comparado y en la Argentina. Ley 24.522 / Arnoldo Kleidermacher - B). Los órganos de la quiebra en el ordenamiento concursal argentino / Diana Farhi de Montalbán - C). La declaración de quiebra en la Ley 24.522 / Marcelo Gebhardt - 7. Los efectos de la quiebra para el fallo / Arnoldo Kleidermacher - 8. Los efectos de la quiebra para los acreedores / Diana Farhi de Montalbán - 9. Los efectos de la quiebra sobre los actos perjudiciales para los acreedores / Marcelo Gebhardt - 10. Los efectos de la quiebra sobre las relaciones jurídicas preexistentes / Horacio Roitman - 11. La custodia y la administración de las actividades de la quiebra / Miguel E. Rubín. |
| 590 ## - LOCAL NOTE (RLIN) | |
| Local note | niveau_biblio:m niveau_hierar:0 |
| 700 1# - ADDED ENTRY--PERSONAL NAME | |
| Personal name | Alegría, Héctor |
| 700 1# - ADDED ENTRY--PERSONAL NAME | |
| Personal name | Kleidermacher, Arnoldo |
| 700 1# - ADDED ENTRY--PERSONAL NAME | |
| Personal name | Farhi de Montalbán, Diana |
| 700 1# - ADDED ENTRY--PERSONAL NAME | |
| Personal name | Gebhardt, Marcelo |
| 700 1# - ADDED ENTRY--PERSONAL NAME | |
| Personal name | Roitman, Horacio |
| 700 1# - ADDED ENTRY--PERSONAL NAME | |
| Personal name | Rubín, Miguel E. |
| 856 41 - ELECTRONIC LOCATION AND ACCESS | |
| Uniform Resource Identifier | <a href="https://www.biblioeco.unsa.edu.ar/pmb/images/libros/L128098.jpg">https://www.biblioeco.unsa.edu.ar/pmb/images/libros/L128098.jpg</a> |
| Link text | Imagen de portada |
| Electronic format type | image/jpeg |
| 942 ## - ADDED ENTRY ELEMENTS (KOHA) | |
| Koha item type | |
| Withdrawn status | Lost status | Damaged status | Not for loan | Home library | Current library | Shelving location | Date acquired | Total checkouts | Full call number | Barcode | Date last seen | Price effective from | Koha item type |
|---|---|---|---|---|---|---|---|---|---|---|---|---|---|
| Biblioteca Prof. Eusebio Cleto del Rey | Biblioteca Prof. Eusebio Cleto del Rey | 07/04/2026 | 347.736 P151 v.1 | L128098 | 07/04/2026 | 07/04/2026 | Libro | ||||||
| Biblioteca Prof. Eusebio Cleto del Rey | Biblioteca Prof. Eusebio Cleto del Rey | 07/04/2026 | 347.736 P151 v.2 | L128099 | 07/04/2026 | 07/04/2026 | Libro |